[Event "Team Championship (men blitz)"]
[Site "Sochi"]
[Date "2017.10.05"]
[Round "13.6"]
[White "Demidov, Mikhail"]
[Black "Morozevich, Alexander"]
[Result "1/2-1/2"]
[LiveChessVersion "1.4.8"]
[BlackElo "2642"]
[WhiteElo "2555"]

1. d4 {[%clk 0:03:03]} g6 {[%clk 0:02:59]} 2. Nf3 {[%clk 0:03:01]} Bg7
{[%clk 0:03:00]} 3. g3 {[%clk 0:03:03]} c5 {[%clk 0:03:01]} 4. c3
{[%clk 0:02:51]} Qa5 {[%clk 0:03:01]} 5. Nbd2 {[%clk 0:02:49]} cxd4
{[%clk 0:03:02]} 6. Nb3 {[%clk 0:02:42]} Qb6 {[%clk 0:03:02]} 7. cxd4
{[%clk 0:02:40]} Nf6 {[%clk 0:03:04]} 8. Bg2 {[%clk 0:02:41]} O-O
{[%clk 0:03:04]} 9. O-O {[%clk 0:02:41]} d6 {[%clk 0:03:05]} 10. Be3
{[%clk 0:02:28]} Bd7 {[%clk 0:02:54]} 11. Rc1 {[%clk 0:02:26]} Qa6
{[%clk 0:02:51]} 12. a3 {[%clk 0:01:44]} Ba4 {[%clk 0:02:52]} 13. Nfd2
{[%clk 0:01:41]} Nc6 {[%clk 0:02:43]} 14. Qe1 {[%clk 0:01:17]} Ng4
{[%clk 0:02:35]} 15. h3 {[%clk 0:00:55]} Nxe3 {[%clk 0:02:35]} 16. fxe3
{[%clk 0:00:56]} Qb5 {[%clk 0:02:28]} 17. Rc3 {[%clk 0:00:55]} e5
{[%clk 0:02:07]} 18. d5 {[%clk 0:00:49]} Ne7 {[%clk 0:02:01]} 19. e4
{[%clk 0:00:45]} Rac8 {[%clk 0:01:58]} 20. Rff3 {[%clk 0:00:45]} Bh6
{[%clk 0:01:44]} 21. Rxc8 {[%clk 0:00:27]} Rxc8 {[%clk 0:01:43]} 22. Qf2
{[%clk 0:00:28]} Qb6 {[%clk 0:01:33]} 23. Qxb6 {[%clk 0:00:18]} axb6
{[%clk 0:01:34]} 24. Rc3 {[%clk 0:00:19]} Rxc3 {[%clk 0:01:31]} 25. bxc3
{[%clk 0:00:19]} b5 {[%clk 0:01:32]} 26. Kf2 {[%clk 0:00:18]} f5 {[%clk 0:01:21]}
27. e3 {[%clk 0:00:17]} f4 {[%clk 0:01:19]} 28. exf4 {[%clk 0:00:13]} exf4
{[%clk 0:01:21]} 29. gxf4 {[%clk 0:00:10]} Bxf4 {[%clk 0:01:22]} 30. Ke2
{[%clk 0:00:11]} g5 {[%clk 0:01:19]} 31. Nd4 {[%clk 0:00:10]} Ng6
{[%clk 0:01:20]} 32. N2f3 {[%clk 0:00:08]} Bc1 {[%clk 0:01:12]} 33. Nf5
{[%clk 0:00:10]} Nf4+ {[%clk 0:01:00]} 34. Kf2 {[%clk 0:00:11]} Bxa3
{[%clk 0:01:00]} 35. Nxg5 {[%clk 0:00:11]} Bc5+ {[%clk 0:01:01]} 36. Kf3
{[%clk 0:00:10]} Nd3 {[%clk 0:00:55]} 37. Bf1 {[%clk 0:00:09]} Ne5+
{[%clk 0:00:40]} 38. Kf4 {[%clk 0:00:11]} b4 {[%clk 0:00:38]} 39. cxb4
{[%clk 0:00:12]} Bxb4 {[%clk 0:00:39]} 40. Ne6 {[%clk 0:00:12]} Kf7
{[%clk 0:00:15]} 41. Kg5 {[%clk 0:00:12]} Nf3+ {[%clk 0:00:11]} 42. Kh6
{[%clk 0:00:11]} Kf6 {[%clk 0:00:12]} 43. Bg2 {[%clk 0:00:10]} Ne1
{[%clk 0:00:12]} 44. Bf1 {[%clk 0:00:10]} Bc2 {[%clk 0:00:13]} 45. Nd8
{[%clk 0:00:07]} Bxe4 {[%clk 0:00:12]} 46. Ng3 {[%clk 0:00:06]} Bg6
{[%clk 0:00:12]} 47. Nh5+ {[%clk 0:00:05]} Ke5 {[%clk 0:00:12]} 48. Ng3
{[%clk 0:00:05]} Bd2+ {[%clk 0:00:08]} 49. Kg7 {[%clk 0:00:06]} Nf3
{[%clk 0:00:06]} 50. Bg2 {[%clk 0:00:06]} Nh4 {[%clk 0:00:07]} 51. Bf1
{[%clk 0:00:06]} Bf4 {[%clk 0:00:08]} 52. Ne2 {[%clk 0:00:07]} Nf5+
{[%clk 0:00:09]} 53. Kg8 {[%clk 0:00:06]} Bg5 {[%clk 0:00:09]} 54. Nxb7
{[%clk 0:00:06]} Ne3 {[%clk 0:00:10]} 55. Ng3 {[%clk 0:00:05]} Bf4
{[%clk 0:00:11]} 56. Ne2 {[%clk 0:00:04]} Nxf1 {[%clk 0:00:12]} 57. Nxf4
{[%clk 0:00:03]} Kxf4 {[%clk 0:00:13]} 58. Nxd6 {[%clk 0:00:05]} Ke5
{[%clk 0:00:14]} 59. Nf7+ {[%clk 0:00:05]} Ne3 {[%clk 0:00:09]} 60. Ng5
{[%clk 0:00:06]} h5 {[%clk 0:00:05]} 61. Kg7 {[%clk 0:00:07]} Bc2
{[%clk 0:00:04]} 62. Kh6 {[%clk 0:00:08]} Bd1 {[%clk 0:00:05]} 63. d6
{[%clk 0:00:08]} Nf5+ {[%clk 0:00:07]} 64. Kg6 {[%clk 0:00:09]} Nxd6
{[%clk 0:00:08]} 65. h4 {[%clk 0:00:08]} Ne4 {[%clk 0:00:07]} 66. Nf7+
{[%clk 0:00:09]} Kd4 {[%clk 0:00:07]} 67. Kf5 {[%clk 0:00:09]} Ke3
{[%clk 0:00:07]} 68. Ne5 {[%clk 0:00:09]} Nd6+ {[%clk 0:00:06]} 69. Kg5
{[%clk 0:00:10]} Kf2 {[%clk 0:00:06]} 70. Kf4 {[%clk 0:00:11]} Kg2
{[%clk 0:00:04]} 71. Nd3 {[%clk 0:00:11]} Be2 {[%clk 0:00:05]} 72. Ne5
{[%clk 0:00:07]} Kh3 {[%clk 0:00:06]} 73. Kg5 {[%clk 0:00:07]} Kg3
{[%clk 0:00:06]} 74. Ng6 {[%clk 0:00:07]} Ne4+ {[%clk 0:00:07]} 75. Kf5
{[%clk 0:00:09]} Nf2 {[%clk 0:00:07]} 76. Nf4 {[%clk 0:00:07]} Bg4+
{[%clk 0:00:08]} 77. Ke5 {[%clk 0:00:08]} Kxh4 {[%clk 0:00:06]} 78. Kd4
{[%clk 0:00:05]} Kg5 79. Nxh5 {[%clk 0:00:05]} Bxh5 {[%clk 0:00:06]} 80. Ke3
{[%clk 0:00:05]} Ng4+ {[%clk 0:00:07]} 81. Kd2 {[%clk 0:00:06]} Kf4
{[%clk 0:00:07]} 82. Ke2 {[%clk 0:00:07]} Ne5+ 83. Kd2 {[%clk 0:00:07]} Ke4
{[%clk 0:00:04]} 84. Kc3 {[%clk 0:00:08]} Bf7 {[%clk 0:00:04]} 85. Kd2
{[%clk 0:00:09]} Kd4 {[%clk 0:00:05]} 86. Kc2 {[%clk 0:00:11]} Nd3
{[%clk 0:00:04]} 87. Kd2 {[%clk 0:00:12]} Bb3 {[%clk 0:00:06]} 88. Ke2
{[%clk 0:00:13]} Kc3 {[%clk 0:00:04]} 89. Ke3 {[%clk 0:00:15]} Bd5
{[%clk 0:00:05]} 90. Ke2 {[%clk 0:00:16]} Ne5 {[%clk 0:00:04]} 91. Ke3
{[%clk 0:00:17]} Ng6 {[%clk 0:00:04]} 92. Ke2 {[%clk 0:00:19]} Kd4
{[%clk 0:00:04]} 93. Kd2 {[%clk 0:00:20]} Be4 {[%clk 0:00:05]} 94. Ke2
{[%clk 0:00:22]} Ne5 {[%clk 0:00:06]} 95. Kd2 {[%clk 0:00:23]} Nc4+
{[%clk 0:00:07]} 96. Ke2 {[%clk 0:00:24]} Kc3 {[%clk 0:00:05]} 97. Kf2
{[%clk 0:00:24]} Kd2 {[%clk 0:00:06]} 98. Kg3 {[%clk 0:00:25]} Ke3
{[%clk 0:00:06]} 99. Kg4 {[%clk 0:00:27]} Nd6 {[%clk 0:00:06]} 100. Kg5
{[%clk 0:00:28]} Kf3 {[%clk 0:00:05]} 101. Kf6 {[%clk 0:00:29]} Kf4
{[%clk 0:00:07]} 102. Ke6 {[%clk 0:00:30]} Nf5 103. Kf6 {[%clk 0:00:30]} Bd5
{[%clk 0:00:09]} 104. Kg6 {[%clk 0:00:31]} Ke5 {[%clk 0:00:11]} 105. Kg5
{[%clk 0:00:33]} Bf7 {[%clk 0:00:12]} 106. Kg4 {[%clk 0:00:33]} Ne3+ 107. Kg5
{[%clk 0:00:33]} Be8 {[%clk 0:00:15]} 108. Kh6 {[%clk 0:00:29]} Kf6
{[%clk 0:00:13]} 109. Kh7 {[%clk 0:00:30]} Nf5 {[%clk 0:00:14]} 110. Kh8
{[%clk 0:00:29]} Ne7 {[%clk 0:00:14]} 111. Kh7 {[%clk 0:00:30]} Bg6+
{[%clk 0:00:15]} 112. Kh8 {[%clk 0:00:31]} Bf7 {[%clk 0:00:15]} 113. Kh7
{[%clk 0:00:32]} Ng6 {[%clk 0:00:15]} 114. Kh6 {[%clk 0:00:34]} Bg8
{[%clk 0:00:14]} 115. Kh5 {[%clk 0:00:35]} Nf4+ {[%clk 0:00:14]} 116. Kg4
{[%clk 0:00:36]} Ke5 {[%clk 0:00:15]} 117. Kf3 {[%clk 0:00:37]} Kf5
{[%clk 0:00:15]} 118. Ke3 Ke5 119. Kd2 {[%clk 0:00:39]} Kd4 {[%clk 0:00:18]} 120.
Kc2 {[%clk 0:00:40]} Nd5 {[%clk 0:00:19]} 121. Kb2 {[%clk 0:00:42]} Ne3
{[%clk 0:00:20]} 122. Ka3 {[%clk 0:00:40]} Nc4+ {[%clk 0:00:22]} 123. Kb4 Kd5
124. Kc3 Bh7 125. Kb4 Bg6 126. Kc3 Be4 127. Kb4 Kd4 128. Kb3 {[%clk 0:00:44]} Nd6
{[%clk 0:00:31]} 129. Kb4 {[%clk 0:00:45]} Bd5 {[%clk 0:00:32]} 130. Ka3 Ne4 131.
Kb2 Nc5 132. Ka1 Nd3 133. Kb1 Kc3 134. Ka1 Bc4 135. Kb1 Nb4 136. Ka1
{[%clk 0:00:50]} Kb3 {[%clk 0:00:44]} 137. Kb1 {[%clk 0:00:51]} Nc2
{[%clk 0:00:45]} 138. Kc1 {[%clk 0:00:52]} Kc3 {[%clk 0:00:47]} 139. Kb1
{[%clk 0:00:53]} Bd5 {[%clk 0:00:48]} 140. Kc1 {[%clk 0:00:54]} Ba2
{[%clk 0:00:49]} 141. Kd1 {[%clk 0:00:56]} Ne3+ {[%clk 0:00:50]} 142. Ke2
{[%clk 0:00:57]} Kd4 {[%clk 0:00:51]} 143. Kf3 {[%clk 0:00:58]} Nd5
{[%clk 0:00:53]} 144. Kg4 {[%clk 0:01:00]} Ke5 145. Kg5 Nf4 {[%clk 0:00:55]} 146.
Kh6 {[%clk 0:01:04]} 1/2-1/2

[Event "Team Championship (men blitz)"]
[Site "Sochi"]
[Date "2017.10.05"]
[Round "13.7"]
[White "Savchenko, Boris"]
[Black "Lugovskoy, Maxim"]
[Result "1-0"]
[LiveChessVersion "1.4.8"]
[BlackElo "2512"]
[WhiteElo "2630"]

1. e4 {[%clk 0:03:02]} e6 {[%clk 0:03:02]} 2. d4 {[%clk 0:03:02]} d5
{[%clk 0:03:02]} 3. Nc3 {[%clk 0:03:02]} Bb4 {[%clk 0:03:02]} 4. a3
{[%clk 0:03:03]} Bxc3+ {[%clk 0:03:03]} 5. bxc3 {[%clk 0:03:04]} dxe4
{[%clk 0:03:04]} 6. Qg4 {[%clk 0:03:05]} Nf6 {[%clk 0:03:05]} 7. Qxg7
{[%clk 0:03:06]} Rg8 {[%clk 0:03:07]} 8. Qh6 {[%clk 0:03:06]} b6 {[%clk 0:03:08]}
9. Ne2 {[%clk 0:03:05]} Bb7 {[%clk 0:03:10]} 10. Ng3 {[%clk 0:03:05]} Nbd7
{[%clk 0:03:05]} 11. Bg5 {[%clk 0:03:04]} Rg6 {[%clk 0:03:06]} 12. Qh4
{[%clk 0:03:05]} h6 {[%clk 0:03:03]} 13. Bxh6 {[%clk 0:03:03]} Rg4
{[%clk 0:03:04]} 14. Qh3 {[%clk 0:03:04]} Rg8 {[%clk 0:03:05]} 15. Bd2
{[%clk 0:02:59]} Qe7 {[%clk 0:03:03]} 16. Qh4 {[%clk 0:02:55]} O-O-O
{[%clk 0:02:58]} 17. h3 {[%clk 0:02:56]} Rh8 {[%clk 0:02:50]} 18. Qf4
{[%clk 0:02:56]} Nf8 {[%clk 0:02:22]} 19. Qg5 {[%clk 0:02:43]} Ng6
{[%clk 0:02:16]} 20. a4 {[%clk 0:02:36]} a5 {[%clk 0:02:15]} 21. Qb5
{[%clk 0:02:30]} Nd5 {[%clk 0:01:50]} 22. Nxe4 {[%clk 0:02:15]} Ndf4
{[%clk 0:01:44]} 23. Qg5 {[%clk 0:01:25]} Qf8 {[%clk 0:00:46]} 24. Bxf4
{[%clk 0:01:00]} Bxe4 {[%clk 0:00:47]} 25. Ba6+ {[%clk 0:00:59]} Kb8
{[%clk 0:00:43]} 26. Rb1 {[%clk 0:00:59]} Rd5 {[%clk 0:00:23]} 27. Qg3
{[%clk 0:00:59]} Nxf4 {[%clk 0:00:24]} 28. Qxf4 {[%clk 0:01:00]} 1-0

[Event "Team Championship (men blitz)"]
[Site "Sochi"]
[Date "2017.10.05"]
[Round "13.8"]
[White "Krylov, Mikhail"]
[Black "Bocharov, Dmitry"]
[Result "0-1"]
[LiveChessVersion "1.4.8"]
[BlackElo "2653"]
[WhiteElo "2494"]

1. d4 {[%clk 0:03:03]} Nf6 {[%clk 0:03:03]} 2. c4 {[%clk 0:03:04]} e6
{[%clk 0:03:04]} 3. g3 {[%clk 0:03:04]} d5 {[%clk 0:03:01]} 4. Nf3
{[%clk 0:03:05]} dxc4 {[%clk 0:02:53]} 5. Qa4+ {[%clk 0:03:02]} Nbd7
{[%clk 0:02:46]} 6. Bg2 {[%clk 0:02:57]} a6 {[%clk 0:02:46]} 7. Qxc4
{[%clk 0:02:57]} b5 {[%clk 0:02:47]} 8. Qc2 {[%clk 0:02:57]} Bb7 {[%clk 0:02:48]}
9. O-O {[%clk 0:02:22]} c5 {[%clk 0:02:47]} 10. Be3 {[%clk 0:02:12]} Rc8
{[%clk 0:02:35]} 11. Qb3 {[%clk 0:01:56]} c4 {[%clk 0:02:27]} 12. Qd1
{[%clk 0:01:54]} Be7 {[%clk 0:02:27]} 13. Nc3 {[%clk 0:01:51]} b4
{[%clk 0:02:23]} 14. Na4 {[%clk 0:01:45]} O-O {[%clk 0:02:23]} 15. Rc1
{[%clk 0:01:43]} Qa5 {[%clk 0:02:18]} 16. Bf4 {[%clk 0:01:27]} Rfd8
{[%clk 0:02:17]} 17. Nd2 {[%clk 0:01:06]} Bxg2 {[%clk 0:02:13]} 18. Kxg2
{[%clk 0:01:07]} Nd5 {[%clk 0:01:39]} 19. Kg1 {[%clk 0:00:51]} c3
{[%clk 0:01:21]} 20. bxc3 {[%clk 0:00:38]} bxc3 {[%clk 0:01:22]} 21. Ne4
{[%clk 0:00:39]} Ba3 {[%clk 0:01:14]} 22. Qb3 {[%clk 0:00:15]} Nxf4
{[%clk 0:00:58]} 23. gxf4 {[%clk 0:00:16]} Bxc1 {[%clk 0:00:58]} 24. Rxc1
{[%clk 0:00:17]} Rb8 {[%clk 0:00:59]} 25. Qc2 {[%clk 0:00:17]} Rbc8
{[%clk 0:00:40]} 26. e3 {[%clk 0:00:15]} Nb6 {[%clk 0:00:33]} 27. Nac5
{[%clk 0:00:15]} Nd5 {[%clk 0:00:33]} 28. Nxc3 {[%clk 0:00:15]} Nxc3 29. Qxc3
Qxa2 {[%clk 0:00:33]} 30. Ra1 {[%clk 0:00:16]} Qd5 {[%clk 0:00:32]} 31. Rxa6
{[%clk 0:00:15]} Ra8 {[%clk 0:00:30]} 32. Rxa8 {[%clk 0:00:13]} Rxa8
{[%clk 0:00:31]} 33. h3 {[%clk 0:00:10]} h6 {[%clk 0:00:30]} 34. e4
{[%clk 0:00:09]} Qd6 {[%clk 0:00:28]} 35. Qe3 {[%clk 0:00:11]} Rc8
{[%clk 0:00:20]} 36. Kg2 {[%clk 0:00:12]} Qc6 {[%clk 0:00:20]} 37. Kg3
{[%clk 0:00:12]} Qb5 {[%clk 0:00:21]} 38. Kg2 {[%clk 0:00:10]} Ra8
{[%clk 0:00:22]} 39. Qf3 {[%clk 0:00:08]} Ra1 {[%clk 0:00:22]} 40. f5
{[%clk 0:00:07]} Qf1+ {[%clk 0:00:21]} 41. Kg3 {[%clk 0:00:08]} Qg1+
{[%clk 0:00:22]} 42. Qg2 {[%clk 0:00:08]} Ra3+ {[%clk 0:00:22]} 43. f3
{[%clk 0:00:09]} Qxd4 {[%clk 0:00:19]} 44. Qc2 {[%clk 0:00:10]} Rc3
{[%clk 0:00:18]} 0-1

[Event "Team Championship (men blitz)"]
[Site "Sochi"]
[Date "2017.10.05"]
[Round "13.9"]
[White "Artemiev, Vladislav"]
[Black "Kryakvin, Dmitry"]
[Result "1-0"]
[LiveChessVersion "1.4.8"]
[BlackElo "2483"]
[WhiteElo "2729"]

1. e4 {[%clk 0:03:01]} c5 {[%clk 0:03:03]} 2. Nf3 {[%clk 0:03:02]} d6
{[%clk 0:03:04]} 3. Nc3 {[%clk 0:03:02]} Nc6 {[%clk 0:03:02]} 4. Bc4
{[%clk 0:02:58]} Nf6 {[%clk 0:02:59]} 5. O-O {[%clk 0:02:58]} Bg4
{[%clk 0:02:55]} 6. h3 {[%clk 0:02:56]} Bxf3 {[%clk 0:02:55]} 7. Qxf3
{[%clk 0:02:55]} g6 {[%clk 0:02:55]} 8. Nd5 {[%clk 0:02:28]} Bg7 {[%clk 0:02:50]}
9. Nxf6+ {[%clk 0:02:28]} Bxf6 {[%clk 0:02:48]} 10. Qb3 {[%clk 0:02:28]} O-O
{[%clk 0:02:10]} 11. Qxb7 {[%clk 0:02:29]} Nb4 {[%clk 0:02:00]} 12. e5
{[%clk 0:01:55]} Rb8 {[%clk 0:01:37]} 13. Qe4 {[%clk 0:01:52]} d5
{[%clk 0:01:08]} 14. Bxd5 {[%clk 0:01:50]} Qxd5 {[%clk 0:01:02]} 15. Qxd5
{[%clk 0:01:50]} Nxd5 {[%clk 0:01:03]} 16. exf6 {[%clk 0:01:51]} exf6
{[%clk 0:01:04]} 17. d3 {[%clk 0:01:01]} Rfe8 {[%clk 0:00:58]} 18. a3
{[%clk 0:00:56]} Re2 {[%clk 0:00:55]} 19. c4 {[%clk 0:00:57]} Nb6
{[%clk 0:00:38]} 20. b4 {[%clk 0:00:38]} Nd7 {[%clk 0:00:31]} 21. Be3
{[%clk 0:00:37]} cxb4 {[%clk 0:00:24]} 22. axb4 {[%clk 0:00:38]} Rxb4
{[%clk 0:00:23]} 23. Rxa7 {[%clk 0:00:39]} Ne5 {[%clk 0:00:24]} 24. Ra8+
{[%clk 0:00:35]} Kg7 {[%clk 0:00:26]} 25. Bc5 {[%clk 0:00:36]} 1-0

[Event "Team Championship (men blitz)"]
[Site "Sochi"]
[Date "2017.10.05"]
[Round "13.11"]
[White "Timofeev, Artyom"]
[Black "Popov, Mikhail"]
[Result "1-0"]
[LiveChessVersion "1.4.8"]
[BlackElo "2428"]
[WhiteElo "2619"]

1. c4 {[%clk 0:03:03]} Nf6 {[%clk 0:03:02]} 2. g3 {[%clk 0:03:04]} g6
{[%clk 0:03:04]} 3. Bg2 {[%clk 0:03:05]} Bg7 {[%clk 0:03:05]} 4. Nc3
{[%clk 0:03:06]} O-O {[%clk 0:03:05]} 5. e3 {[%clk 0:03:07]} d6 {[%clk 0:03:02]}
6. Nge2 {[%clk 0:03:07]} Nc6 {[%clk 0:03:00]} 7. O-O {[%clk 0:03:07]} e5
{[%clk 0:03:00]} 8. d3 {[%clk 0:03:07]} Nh5 {[%clk 0:02:49]} 9. Rb1
{[%clk 0:03:07]} a5 {[%clk 0:02:48]} 10. a3 {[%clk 0:03:08]} f5 {[%clk 0:02:48]}
11. Nd5 {[%clk 0:02:56]} Ne7 {[%clk 0:02:34]} 12. f4 {[%clk 0:02:50]} c6
{[%clk 0:02:21]} 13. Ndc3 {[%clk 0:02:46]} Be6 {[%clk 0:02:14]} 14. b4
{[%clk 0:02:43]} axb4 {[%clk 0:02:14]} 15. axb4 {[%clk 0:02:44]} d5
{[%clk 0:02:05]} 16. fxe5 {[%clk 0:02:42]} Bxe5 {[%clk 0:01:46]} 17. d4
{[%clk 0:02:25]} Bg7 {[%clk 0:01:44]} 18. c5 {[%clk 0:02:24]} Nf6
{[%clk 0:01:32]} 19. Nf4 {[%clk 0:02:23]} Bf7 {[%clk 0:01:29]} 20. b5
{[%clk 0:02:20]} g5 {[%clk 0:01:21]} 21. Nd3 {[%clk 0:02:21]} Ne4
{[%clk 0:01:19]} 22. Bb2 {[%clk 0:02:16]} Be8 {[%clk 0:00:48]} 23. b6
{[%clk 0:02:16]} Ng6 {[%clk 0:00:47]} 24. Ra1 {[%clk 0:02:13]} Rb8
{[%clk 0:00:47]} 25. Nxe4 {[%clk 0:01:57]} dxe4 {[%clk 0:00:42]} 26. Nb4
{[%clk 0:01:57]} Qe7 {[%clk 0:00:32]} 27. Qc2 {[%clk 0:01:56]} h5
{[%clk 0:00:29]} 28. Rac1 {[%clk 0:01:39]} h4 {[%clk 0:00:17]} 29. d5
{[%clk 0:01:40]} hxg3 {[%clk 0:00:16]} 30. hxg3 {[%clk 0:01:41]} Be5
{[%clk 0:00:15]} 31. dxc6 {[%clk 0:01:23]} Bxg3 {[%clk 0:00:10]} 32. c7
{[%clk 0:01:20]} Rc8 {[%clk 0:00:10]} 33. c6 {[%clk 0:01:13]} Qh7
{[%clk 0:00:10]} 34. Bh1 {[%clk 0:01:14]} f4 {[%clk 0:00:05]} 35. cxb7
{[%clk 0:01:07]} f3 {[%clk 0:00:04]} 36. bxc8=Q {[%clk 0:01:00]} f2+
{[%clk 0:00:05]} 37. Rxf2 {[%clk 0:01:01]} Bxf2+ {[%clk 0:00:06]} 38. Qxf2
{[%clk 0:01:01]} Rxf2 {[%clk 0:00:07]} 39. Kxf2 {[%clk 0:00:51]} Qh4+
{[%clk 0:00:04]} 40. Kg1 {[%clk 0:00:43]} Qg3+ {[%clk 0:00:05]} 41. Bg2
{[%clk 0:00:43]} 1-0

[Event "Team Championship (men blitz)"]
[Site "Sochi"]
[Date "2017.10.05"]
[Round "13.12"]
[White "Barskij, Vladimir"]
[Black "Hasangatin, Ramil"]
[Result "0-1"]
[LiveChessVersion "1.4.8"]
[BlackElo "2560"]
[WhiteElo "2255"]

1. e4 {[%clk 0:03:03]} Nf6 {[%clk 0:03:03]} 2. e5 {[%clk 0:03:04]} Nd5
{[%clk 0:03:04]} 3. d4 {[%clk 0:03:05]} d6 {[%clk 0:03:05]} 4. c4
{[%clk 0:03:04]} Nb6 {[%clk 0:03:07]} 5. exd6 {[%clk 0:03:05]} exd6
{[%clk 0:03:08]} 6. Nc3 {[%clk 0:03:05]} Be7 {[%clk 0:03:10]} 7. Nf3
{[%clk 0:03:04]} O-O {[%clk 0:03:10]} 8. Be2 {[%clk 0:03:04]} Nc6
{[%clk 0:03:10]} 9. O-O {[%clk 0:02:53]} Bg4 {[%clk 0:03:07]} 10. b3
{[%clk 0:02:47]} Bf6 {[%clk 0:03:08]} 11. Be3 {[%clk 0:02:34]} d5
{[%clk 0:03:03]} 12. c5 {[%clk 0:02:32]} Nc8 {[%clk 0:03:04]} 13. h3
{[%clk 0:02:32]} Bh5 {[%clk 0:03:03]} 14. a3 {[%clk 0:02:18]} a5 {[%clk 0:03:04]}
15. Nb5 {[%clk 0:02:06]} N8a7 {[%clk 0:03:04]} 16. Nc3 {[%clk 0:01:58]} h6
{[%clk 0:03:05]} 17. Rb1 {[%clk 0:01:40]} Nc8 {[%clk 0:03:00]} 18. b4
{[%clk 0:01:41]} axb4 {[%clk 0:03:01]} 19. axb4 {[%clk 0:01:42]} N8e7
{[%clk 0:03:02]} 20. b5 {[%clk 0:01:39]} Na5 {[%clk 0:03:03]} 21. Ne5
{[%clk 0:01:25]} Bxe2 {[%clk 0:03:02]} 22. Qxe2 {[%clk 0:01:22]} Bxe5
{[%clk 0:02:48]} 23. dxe5 {[%clk 0:01:22]} c6 {[%clk 0:02:49]} 24. f4
{[%clk 0:01:15]} Qd7 {[%clk 0:02:49]} 25. g4 {[%clk 0:01:09]} f5 {[%clk 0:02:50]}
26. Kh2 {[%clk 0:01:00]} Qe6 {[%clk 0:02:40]} 27. Bd4 {[%clk 0:01:01]} Nc4
{[%clk 0:02:37]} 28. Rg1 {[%clk 0:00:58]} Ra3 {[%clk 0:02:37]} 29. bxc6
{[%clk 0:00:58]} bxc6 {[%clk 0:02:38]} 30. Rb7 {[%clk 0:00:56]} Rf7
{[%clk 0:02:27]} 31. g5 {[%clk 0:00:57]} hxg5 {[%clk 0:01:55]} 32. Rxg5
{[%clk 0:00:58]} Ra8 {[%clk 0:01:39]} 33. Qg2 {[%clk 0:00:58]} Na5
{[%clk 0:01:16]} 34. Rxe7 {[%clk 0:00:58]} Rxe7 {[%clk 0:01:12]} 35. Rg6
{[%clk 0:01:00]} Qc8 {[%clk 0:01:06]} 36. e6 {[%clk 0:01:01]} Raa7
{[%clk 0:01:08]} 37. Bf6 {[%clk 0:01:01]} Reb7 {[%clk 0:00:43]} 38. e7
{[%clk 0:00:53]} Rxe7 {[%clk 0:00:44]} 39. Bxe7 {[%clk 0:00:53]} Rxe7
{[%clk 0:00:45]} 40. Ne2 {[%clk 0:00:52]} Nb3 {[%clk 0:00:39]} 41. Ng3
{[%clk 0:00:52]} Nd4 {[%clk 0:00:30]} 42. Nh5 {[%clk 0:00:53]} Re2
{[%clk 0:00:24]} 0-1

[Event "Team Championship (men blitz)"]
[Site "Sochi"]
[Date "2017.10.05"]
[Round "13.13"]
[White "Tsoi, Dmitry"]
[Black "Alekseenko, Kirill"]
[Result "1/2-1/2"]
[LiveChessVersion "1.4.8"]
[BlackElo "2586"]
[WhiteElo "2357"]

1. e4 {[%clk 0:03:04]} c5 {[%clk 0:03:04]} 2. Nf3 {[%clk 0:03:05]} Nc6 3. d4 cxd4
{[%clk 0:03:07]} 4. Nxd4 {[%clk 0:03:08]} Nf6 {[%clk 0:03:07]} 5. Nc3
{[%clk 0:03:09]} d6 {[%clk 0:03:09]} 6. Bg5 {[%clk 0:03:10]} e6 {[%clk 0:03:10]}
7. Qd2 {[%clk 0:03:09]} a6 {[%clk 0:03:11]} 8. O-O-O {[%clk 0:03:08]} Bd7
{[%clk 0:03:12]} 9. f4 {[%clk 0:03:09]} b5 {[%clk 0:03:14]} 10. a3
{[%clk 0:02:45]} Be7 {[%clk 0:03:02]} 11. Be2 {[%clk 0:02:41]} O-O
{[%clk 0:02:33]} 12. h4 {[%clk 0:02:40]} Rc8 {[%clk 0:02:24]} 13. Qe3
{[%clk 0:02:34]} Qb6 {[%clk 0:02:18]} 14. Nf5 {[%clk 0:02:18]} Qxe3+
{[%clk 0:02:17]} 15. Nxe3 {[%clk 0:02:18]} Rfd8 {[%clk 0:01:54]} 16. Bf3
{[%clk 0:02:10]} Be8 {[%clk 0:01:54]} 17. Ng4 {[%clk 0:01:51]} Nxg4
{[%clk 0:01:28]} 18. Bxg4 {[%clk 0:01:52]} Kf8 {[%clk 0:01:27]} 19. f5
{[%clk 0:01:45]} Ne5 {[%clk 0:01:24]} 20. Bh3 {[%clk 0:01:46]} Bd7
{[%clk 0:01:14]} 21. Rhf1 {[%clk 0:01:44]} Ke8 {[%clk 0:01:06]} 22. fxe6
{[%clk 0:01:41]} Bxe6 {[%clk 0:01:03]} 23. Bxe6 {[%clk 0:01:41]} fxe6
{[%clk 0:01:01]} 24. Ne2 {[%clk 0:01:42]} Kd7 {[%clk 0:00:56]} 25. Nf4
{[%clk 0:01:37]} Rc4 {[%clk 0:00:55]} 26. Rfe1 {[%clk 0:01:33]} Rdc8
{[%clk 0:00:56]} 27. c3 {[%clk 0:01:34]} a5 {[%clk 0:00:55]} 28. Kb1
{[%clk 0:01:04]} h6 {[%clk 0:00:52]} 29. Bxe7 {[%clk 0:01:04]} Kxe7
{[%clk 0:00:53]} 30. Rd2 {[%clk 0:01:03]} b4 {[%clk 0:00:53]} 31. axb4
{[%clk 0:01:03]} axb4 {[%clk 0:00:54]} 32. cxb4 {[%clk 0:01:00]} Rxb4
{[%clk 0:00:55]} 33. Nd3 {[%clk 0:00:50]} Rd4 {[%clk 0:00:51]} 34. Red1
{[%clk 0:00:45]} Nc4 {[%clk 0:00:48]} 35. Re2 {[%clk 0:00:40]} Rb8
{[%clk 0:00:45]} 36. Nf2 {[%clk 0:00:41]} Rxd1+ {[%clk 0:00:40]} 37. Nxd1
{[%clk 0:00:42]} Kf6 {[%clk 0:00:42]} 38. Rf2+ {[%clk 0:00:37]} Ke5
{[%clk 0:00:42]} 39. Rf7 {[%clk 0:00:33]} g5 {[%clk 0:00:44]} 40. Rh7
{[%clk 0:00:25]} Kxe4 {[%clk 0:00:31]} 41. Rxh6 {[%clk 0:00:26]} Kd3
{[%clk 0:00:33]} 42. Rxe6 {[%clk 0:00:20]} gxh4 {[%clk 0:00:27]} 43. Rh6
{[%clk 0:00:13]} Nd2+ {[%clk 0:00:14]} 44. Kc1 {[%clk 0:00:14]} Nb3+ 45. Kb1 Nd2+
{[%clk 0:00:12]} 46. Kc1 {[%clk 0:00:17]} Nb3+ {[%clk 0:00:08]} 47. Kb1 1/2-1/2